Evaluacin̤ de los Mecanismos de Financiamiento de la Innovacin̤ Tecnolg̤ica, Agropecuaria y Forestal

Detalles Bibliográficos
Autor principal: Polanco Jaime, Alejandro
Formato: eBook
Lenguaje:español
Publicado: Ciudad de Mx̌ico: Cm̀ara de Diputados, 2012
Materias:
Acceso en línea:Acceso restringido

MARC

LEADER 00000nam a22000007a 4500
005 20170822230222.0
007 cr|||| ||||
008 170822s2012 mx |||||s||||f00||0 spa d
020 |a 978-607-7919-29-2 
035 |a 20437 
040 |a vLex 
090 |c 6834  |d 6834 
100 1 |a Polanco Jaime, Alejandro 
245 1 0 |a Evaluacin̤ de los Mecanismos de Financiamiento de la Innovacin̤ Tecnolg̤ica, Agropecuaria y Forestal  |h [Recurso electrn̤ico] /  |c Alejandro Polanco Jaime 
256 |a Servicio en ln̕ea 
260 |a Ciudad de Mx̌ico:  |b Cm̀ara de Diputados,  |c 2012 
300 |a 1 recurso electrn̤ico 
506 1 |a Disponible solo en los productos indicados  |d vLex Global  |d vLex Global (Academic Edition, excluding Law Schools)  |d vLex Global (U.S. Academic Edition, Law Schools)  |d vLex Global (U.S. Academic Edition, excluding Law Schools)  |d vLex Global (Academic Edition, Law Schools) 
650 0 4 |a Financiero  |z Mx̌ico 
740 0 |a vLex Libros (Servicio en ln̕ea) 
856 4 0 |u http://vlex.com/source/evaluacion-de-los-mecanismos-de-financiamiento-de-la-innovacion-tecnologica-agropecuaria-y-forestal-20437  |z Acceso restringido 
942 |c BOOK 
999 0 |a Financial